| 000 | 01171cam a2200253 4500 | ||
|---|---|---|---|
| 001 | J11483 | ||
| 008 | 020501n2001 000 0 eng u | ||
| 035 | _a(Sirsi) u117800 | ||
| 041 | _aeng. | ||
| 050 | _a711.14 | ||
| 110 |
_aDepartment for Transport, Local Government and the Regions _94091 |
||
| 245 | _aCompulsory purchase and compensation: compensation to residential owners and occupiers | ||
| 260 |
_bDepartment for Transport, Local Government and the Regions _c2001 |
||
| 300 |
_a27p. _c30cm. |
||
| 520 | _aFourth in a series of five booklets which explain, in simple terms, how the compulsory purchase system works. Booklet 4 deals with the issue of compensation to owners and occupiers of residential properties once a compulsory purchase order comes into force. Booklets 1-4 held only. For booklets 1, 2 and 3 see: J117797, J11481, J11482. | ||
| 650 | _aCOMPENSATION | ||
| 650 | _aPLANNING | ||
| 650 | _aLANDS TRIBUNAL | ||
| 650 | _aBLIGHT | ||
| 650 |
_aRESIDENTIAL PROPERTY _96266 |
||
| 690 | _aENVIRONMENTAL AND LAND CONSULTANCY-PLANNING AND DEVELOPMENT-COMPULSORY PURCHASE AND COMPENSATION | ||
| 710 |
_aDrivers Jonas _91941 |
||
| 942 | _n0 | ||
| 999 |
_c102061 _d102061 |
||